|
|
|
|
| LEADER |
00578cam a2200181 7i4500 |
| 001 |
0000025566 |
| 005 |
20101228090000.0 |
| 020 |
0 |
0 |
|a 9789834429197
|
| 090 |
0 |
0 |
|a M 338.922
|b ICE
|
| 245 |
0 |
0 |
|a Icentives Support Package (ISP).
|
| 260 |
0 |
0 |
|a Johor Bahru:
|b Iskandar Malaysia,
|c 2009.
|
| 300 |
# |
# |
|a 81 p.
|
| 440 |
0 |
0 |
|a Iskandar Malaysia
|
| 650 |
0 |
0 |
|a Incentive --
|z Malaysia
|
| 650 |
0 |
0 |
|a Incentive support package (ISP) --
|z Malaysia
|
| 651 |
0 |
0 |
|a Malaysia
|
| 999 |
|
|
|a 0000026966
|b Book
|c Malaysia
|e Business Information Centre
|
| 999 |
|
|
|a 0000026965
|b Book
|c Malaysia
|e Business Information Centre
|